000 nam a22 7a 4500
999 _c8383
_d8383
008 180116b ||||| |||| 00| 0 eng d
100 _94792
_aJAIN.SK ET AL
245 _aSCIENCE -VI
260 _aNEW DELHI
_bPRACHI
_c2017